Electronic learning, from audiotape to videodisc /

Bibliographic Details
Main Author: Johnston, Jerome
Format: Book
Language:English
Published: Hillsdale, N.J. : L. Erlbaum Associates, 1987.
Subjects:

MARC

Tag First Indicator Second Indicator Subfields
LEADER 00000cam a22000008a 4500
001 in00000028110
005 20151007060001.0
008 870529s1987 nju b 00110 eng
010 |a  87015424  
020 |a 0805800123 
020 |a 0805800263 (pbk.) 
035 |a (OCoLC)16003921 
035 |9 AAB9799AM 
040 |a DLC  |c DLC  |d m/c  |d OCL  |d TXA  |d UtOrBLW 
043 |a n-us--- 
049 |a TXAM  |c [A11688428] 
050 0 0 |a LB1043  |b .J59 1987 
082 0 |a 371.3/3  |2 19 
100 1 |a Johnston, Jerome. 
245 1 0 |a Electronic learning, from audiotape to videodisc /  |c Jerome Johnston. 
263 |a 8708 
264 1 |a Hillsdale, N.J. :  |b L. Erlbaum Associates,  |c 1987. 
300 |a xvi, 118 pages 
336 |a text  |b txt  |2 rdacontent 
337 |a unmediated  |b n  |2 rdamedia 
338 |a volume  |b nc  |2 rdacarrier 
504 |a Bibliography: pages 107-112. 
500 |a Includes indexes. 
650 0 |a Audio-visual education  |z United States. 
650 0 |a Educational technology  |z United States. 
999 |a MARS 
999 f f |s 8b12ad6f-c4d6-35c9-93a4-8df0e50dc1f0  |i 1fd63e53-20e9-3c64-8ff1-5b8f8fc26a0d  |t 0 
952 f f |p normal  |a Texas A&M University  |b College Station  |c Sterling C. Evans Library  |d Evans: Library Stacks  |t 0  |e LB1043 .J59 1987  |h Library of Congress classification  |i unmediated -- volume  |m A14811688428 
998 f f |a LB1043 .J59 1987  |t 0  |l Evans: Library Stacks